The New Partnership for Africa's Development (NEPAD) : conference proceedings on the New Partnership for Africa's Development.
Saved in:
| Main Author: | |
|---|---|
| Corporate Authors: | , , |
| Format: | Book |
| Language: | English |
| Published: |
Accra :
Ghana Center for Democratic Development,
c2002.
|
| Series: | CDD--Ghana conference/workshop/seminar proceedings.
|
| Subjects: | |
| Tags: |
Add Tag
No Tags, Be the first to tag this record!
|
| LEADER | 02001cam a2200373 a 4500 | ||
|---|---|---|---|
| 001 | 009682425-5 | ||
| 005 | 20031010112128.0 | ||
| 008 | 030429s2002 gh 100 0 eng | ||
| 010 | |a 2003405103 | ||
| 020 | |a 9988614101 | ||
| 035 | 0 | |a ocm53059601 | |
| 040 | |a DLC |c DLC |d DLC | ||
| 042 | |a lcode | ||
| 043 | |a f------ | ||
| 050 | 0 | 0 | |a HC800 |b .N835 2002 |
| 082 | 0 | 0 | |a 338.96 |2 22 |
| 100 | 1 | |a Nyarko, William. | |
| 245 | 1 | 4 | |a The New Partnership for Africa's Development (NEPAD) : |b conference proceedings on the New Partnership for Africa's Development. |
| 260 | |a Accra : |b Ghana Center for Democratic Development, |c c2002. | ||
| 300 | |a 28 p. ; |c 29 cm. | ||
| 490 | 1 | |a Workshop proceedings | |
| 500 | |a "Conference on the New Partnership for Africa's Development Report (NEPAD) was organized by the Ghana Center for Democratic Development (CDD-Ghana) in collaboration with the Ministry of Regional Integration and Development; William Nyarko (rapporteur general)"--Acknowledgements. | ||
| 500 | |a "March 2002." | ||
| 505 | 0 | 0 | |t Ambassador, People's Democratic Republic of Ageria, on behalf or the African Diplomatic Corps / |r Hassane Rabehi |g (p. 14-15). -- |t The regional consultaqtion and cooperation in the NEPAD [new partnership for Africa's development] process |g (p. 16-18). -- |t Labor and social justice / |r J.Y.N Atopley |g (p. 21-23). |
| 610 | 2 | 0 | |a New Partnership for Africa's Development. |
| 651 | 0 | |a Africa |x Economic policy. | |
| 651 | 0 | |a Africa |x Economic conditions. | |
| 710 | 2 | |a Ghana Center for Democratic Development. | |
| 710 | 1 | |a Ghana. |b Ministry of Regional Integration and Development. | |
| 711 | 2 | |a Conference on the New Partnership for Africa's Development Report (NEPAD) |d (2002 : |c Accra, Ghana) | |
| 776 | 0 | 8 | |i Online version: |a Nyarko, William. |t New Partnership for Africa's Development (NEPAD). |d Accra : Ghana Center for Democratic Development, ©2002 |w (OCoLC)654736793 |
| 830 | 0 | |a CDD--Ghana conference/workshop/seminar proceedings. | |
| 988 | |a 20031014 | ||
| 906 | |0 DLC | ||


